Konštrukčný návrh puzdra akumulátora pre elektromobil E-UP Boost

Guardado en:
Detalles Bibliográficos
Autor principal: Poledník, Daniel (Autor)
Otros Autores: Danko, Ján (Orientador)
Formato: Manuscrito Libro
Lenguaje:eslovaco
Publicado: 2021
Materias:
Acceso en línea:http://is.stuba.sk/zp/portal_zp.pl?podrobnosti=144245
Etiquetas: Agregar Etiqueta
Sin Etiquetas, Sea el primero en etiquetar este registro!

MARC

LEADER 00000ntm a22000003a 4500
001 stuzp81548
003 SK-STU
005 20210717210301.3
007 ta
008 150427s2015----xo-----f-mn---000-0-slo-d
040 |a STU  |b slo 
041 0 |a slo 
100 1 |a Poledník, Daniel  |u 020030  |4 aut  |U SjF Strojnícka fakulta  |T SjF Ústav dopravnej techniky a konštruovania  |X 93280  |U J0030  |Y 806  |7 93280 
242 0 1 |a Construction design of battery box for electric vehicle E-UP Boost  |y eng 
245 1 0 |a Konštrukčný návrh puzdra akumulátora pre elektromobil E-UP Boost 
260 |c 2021 
650 4 |a trakčný akumulátor  |2 slo 
650 4 |a elektromobil  |2 slo 
650 4 |a obal pre trakčný akumulátor  |2 slo 
650 4 |a battery box  |2 eng 
650 4 |a traction battery  |2 eng 
650 4 |a electric vehicle  |2 eng 
700 1 |a Danko, Ján  |u 020030  |k Z1  |4 ths  |U SjF Strojnícka fakulta  |T SjF Ústav dopravnej techniky a konštruovania  |X 3691  |U J0030  |Y 806  |7 A000003691 
856 4 |u http://is.stuba.sk/zp/portal_zp.pl?podrobnosti=144245 
996 |b 284J046591  |c J* 3271/DBP  |l JJSK  |s A  |a 24  |w stuzp81548_0001